Elections 1er tour 2022 - Statistiques

Statistiques générales
  • Ce quiz a été pris 119 fois
  • Le résultat moyen est 10 sur 12
Statistiques - réponses
Pourcentage de Votes Candidats % Correct
27,84 % Emmanuel Macron
100%
23,15 % Marine Le Pen
100%
21,95 % Jean-Luc Mélenchon
97%
7,07 % Eric Zemmour
93%
4,78 % Valérie Pécresse
90%
1,75 % Anne Hidalgo
75%
0,77 % Phillipe Poutou
74%
3,13 % Jean Lassalle
70%
4,63 % Yannick Jadot
68%
2,28 % Fabien Roussel
62%
0,56 % Nathalie Arthaud
62%
2,06 % Nicolas Dupont-Aignan
60%
Aucun quiz correspondant
Distribution des résultats
% des personnes avec chaque résultat
Percentile par nombre de réponses
Votre historique - résultats
Vous n’avez pas pris ce quiz